00404nam a2200145Ia 45000010006000000050017000060080041000230410008000640820017000721000044000892450082001333000027002156500008002426540008002501145520260306162829.0260306t9999||||xx |||||||||||||| ||spa|| aESP a985.054bH45 aHernández Sánchez-Barba, MarioeAUT 0aLas independencias americanas (1767-1878):bgénesis de la descolonización a288 páginas :c24 cm aGEN aCHU